Diário de um banana (Record no. 304)

MARC details
000 -LÍDER
campo de controle de tamanho fixo 01606nam a2200337Ia 4500
001 - NÚMERO DE CONTROLE
campo de controle 304
003 - IDENTIFICADOR DO NÚMERO DE CONTROLE
campo de controle OSt
005 - DATA E HORÁRIO DA ÚLTIMA TRANSAÇÃO
campo de controle 20250528074017.0
008 - CAMPO DE DADOS FIXOS--INFORMAÇÃO GERAL
campo de controle de tamanho fixo 200929b ||||| |||| 00| 1 por d
020 ## - ISBN - INTERNATIONAL STANDARD BOOK NUMBER
ISBN - International Standard Book Number 9788576831303
040 ## - FONTE DA CATALOGAÇÃO
Idioma da catalogação por
041 ## - CÓDIGO DE IDIOMA
Código do idioma do texto/trilha sonora ou título diferente por
082 ## - CDD - CLASSIFICAÇÃO DECIMAL DE DEWEY
Número de Classificação 028.5
Número do exemplar K64d
100 1# - ENTRADA PRINCIPAL--NOME PESSOAL
Nome pessoal Kinney, Jeff,
Datas associadas ao nome 1971-
9 (RLIN) 597
240 ## - TÍTULO UNIFORME
Título uniforme Diary of a wimpy kid.
245 ## - TÍTULO
Título Diário de um banana
Restante do título : as memórias de Greg Heffley
Indicação de responsabilidade, etc. / Kinney, Jeff ; tradução Antonio de Macedo Soares.
250 ## - EDIÇÃO
Declaração de edição 2.ed.
260 ## - PUBLICAÇÃO, DISTRIBUIÇÃO, ETC.
Local de publicação, distribuição, etc. São Paulo
Nome do editor, distribuidor, etc. Vergara & Riba
Data da publicação, distribuição, etc. 2008
300 ## - DESCRIÇÃO FÍSICA
Extensão 217p.
Outros detalhes físicos il.
440 #0 - DECLARAÇÃO DE SÉRIE/ENTRADA ADICIONADA--TÍTULO
Título Diário de um banana
Número do volume ou designação sequencial da série v.1
9 (RLIN) 598
520 ## - NOTA DE RESUMO, ETC.
Resumo, etc. Não é fácil ser criança. E ninguém sabe disso melhor do que Greg Heffley, que se vê mergulhado no mundo do ensino fundamental, onde fracotes são obrigados a dividir os corredores com garotos mais altos, mais malvados e que já se barbeiam.<br/><br/>Em Diário de um Banana, o autor e ilustrador Jeff Kinney nos apresenta um herói improvável. Como Greg diz em seu diário: Só não espere que seja todo “Querido Diário” isso, “Querido Diário” aquilo.<br/><br/>Para nossa sorte, o que Greg Heffley diz que fará e o que ele realmente faz são duas coisas bem diferentes.<br/><br/><br/>Em Diário de um Banana, o autor e ilustrados Jeff Kinney nos apresenta um herói improvável.
650 #0 - ASSUNTO--TERMO TÓPICO
Cabeçalho tópico ou nome geográfico Literatura Americana
9 (RLIN) 84
650 #0 - ASSUNTO--TERMO TÓPICO
Cabeçalho tópico ou nome geográfico Infantojuvenil
9 (RLIN) 200
650 #0 - ASSUNTO--TERMO TÓPICO
Cabeçalho tópico ou nome geográfico Diário
9 (RLIN) 599
650 #0 - ASSUNTO--TERMO TÓPICO
Cabeçalho tópico ou nome geográfico Amizade
9 (RLIN) 556
650 #0 - ASSUNTO--TERMO TÓPICO
Cabeçalho tópico ou nome geográfico Vida escolar
9 (RLIN) 600
655 #0 - TERMO DE ÍNDICE--GÊNERO E FORMA
Gênero/forma/ou termo foco Romance
655 #0 - TERMO DE ÍNDICE--GÊNERO E FORMA
Gênero/forma/ou termo foco Ficção
700 1# - ENTRADA ADICIONADA - NOME PESSOAL
Nome pessoal Soares, Antonio de Macedo
Função do autor por extenso TRADUTOR
9 (RLIN) 601
942 ## - ELEMENTOS DE ENTRADA ADICIONADOS (KOHA)
Fonte de classificação ou esquema de arquivamento Classificação decimal de Dewey
Tipo de material Koha Livros
Holdings
Situação do descarte Situação das perdas Fonte de classificação ou esquema de arquivamento Materiais especificados (volume encadernado ou outra parte) Status danificado Não pode ser emprestado Coleção Biblioteca de origem Biblioteca atual Localização na estante Data de aquisição Fonte de aquisição Total de empréstimos Número de chamada completo Código de barras Data de último acesso Número do exemplar Data do preço efetivo Tipo de material Koha
    Classificação decimal de Dewey vol. 01     Ficção Biblioteca Professor Eduardo Afonso de Castro Biblioteca Professor Eduardo Afonso de Castro Infanto Juvenil 24.03.2025 doação   IJ 028.5 / K55d 2025-17255 24.03.2025 Ex. 01 24.03.2025 Livros
    Classificação decimal de Dewey vol. 01     Ficção Biblioteca Professor Eduardo Afonso de Castro Biblioteca Professor Eduardo Afonso de Castro Infanto Juvenil 30.06.2025 doação   IJ 028.5 / K55d 2025-17370 30.06.2025 Ex. 02 30.06.2025 Livros

Powered by Koha